| 000 | 01148nam a2200325 a 4500 | ||
|---|---|---|---|
| 001 | 000109595 | ||
| 003 | CHAP | ||
| 005 | 20220329144056.0 | ||
| 008 | 140513s2014 mx a |sm |||||||spa|d | ||
| 010 | _a106057 | ||
| 011 | _a107029 | ||
| 040 | _cCHAP | ||
| 090 | _aTesis | ||
| 100 | 1 |
_aRamírez Flores, María de Lourdes _993995 |
|
| 245 | 1 | 0 |
_aResistencia eco-socio-cultural en el Istmo de Tehuantepec, Oaxaca _h[En línea] _cpor María de Lourdes Ramírez Flores. |
| 260 |
_aChapingo, Méx. : _bEl autor, _c2014. |
||
| 500 | _aPara ver el contenido del material haga clic en la liga | ||
| 502 | _aTesis (Ph.D. en Ciencias Agrarias) -- UACH. Departamento de Sociología Rural | ||
| 590 |
_aBATCH-UPD _b05 _c20141002 _lUCH01 _h0903 |
||
| 590 |
_aE792CSJ _b05 _c20140513 _lUCH01 _h1030 |
||
| 590 |
_aE792CSJ _b05 _c20140513 _lUCH01 _h1030 |
||
| 650 | 1 | 4 |
_aEnergía eólica. _936903 |
| 650 | 1 | 4 |
_aIdentidad. _957290 |
| 650 | 1 | 4 |
_aMovimientos sociales _xOaxaca. _979176 |
| 650 | 1 | 4 |
_aTehuantepec, Istmo de. _9111998 |
| 856 |
_aFinding aid _uhttp://10.13.5.2/tesis/sist109595.pdf _zTeclea aquí |
||
| 901 | _aBK | ||
| 942 | _cTESIS | ||
| 942 | _n0 | ||
| 999 |
_c106057 _d106057 |
||